| 000 | 01016cab a2200241 4500 | ||
|---|---|---|---|
| 001 | WB3506-01 | ||
| 008 | 090401t1999 xxu||||| |||| 00| 0 eng d | ||
| 035 | _a(Sirsi) u91268 | ||
| 041 | _aeng | ||
| 245 | _aPower to the arbitrator | ||
| 260 | _c1999 | ||
| 350 | _a0 | ||
| 490 |
_aBuilding Trade and Industry _v15 (2) February 1999, 2(2) |
||
| 520 | _aDiscusses "Al-Naimi v Islamic Press Agency Inc" which demonstrates a court`s reluctance to become involved in issues which parties may have agreed should be dealt with by an arbitrator, not a judge. | ||
| 650 | _aAL-NAIMI V ISLAMIC PRESS AGENCY INCORPORATED | ||
| 650 | _aMANAGEMENT-DISPUTE AVOIDANCE, MANAGEMENT AND RESOLUTION-DISPUTE MANAGEMENT AND RESOLUTION-ARBITRATION | ||
| 650 | _aARBITRATORS | ||
| 650 | _aBUILT ENVIRONMENT-BUILDING CONTRACT FORMS | ||
| 650 | _aJCT MINOR WORKS CONTRACT | ||
| 690 | _aMANAGEMENT-DISPUTE AVOIDANCE, MANAGEMENT AND RESOLUTION-DISPUTE MANAGEMENT AND RESOLUTION-ARBITRATION | ||
| 942 | _n0 | ||
| 948 | _c11/02/1999 | ||
| 999 |
_c57919 _d57919 |
||